Văn học Việt Nam thế kỷ XX : Tiểu thuyết 1945-1975. Quyển 1, tập XXX Q.1,T.30
Đã lưu trong:
| 格式: | 图书 |
|---|---|
| 语言: | Vietnamese |
| 出版: |
Văn học
2007
|
| 标签: |
添加标签
没有标签, 成为第一个标记此记录!
|
| Thư viện lưu trữ: | Mạng thư viện Đại học Đà Nẵng |
|---|
| LEADER | 00717nam a2200241 4500 | ||
|---|---|---|---|
| 001 | 000023043 | ||
| 003 | 19492 | ||
| 005 | 20150526140505.0 | ||
| 008 | 150526s2007 viesd | ||
| 020 | |c 00 | ||
| 041 | 0 | |a vie | |
| 082 | 1 | 4 | |a 895922334 |b Vă-H |
| 245 | 1 | 0 | |a Văn học Việt Nam thế kỷ XX : Tiểu thuyết 1945-1975. Quyển 1, tập XXX |b Q.1,T.30 |c biên soạn và tuyển chọn Nguyễn Cừ, Nguyễn Anh Vũ, Phạm Thị Ngọc. |
| 260 | |b Văn học |c 2007 | ||
| 300 | |a tr. |c cm. | ||
| OWN | |a LSP | ||
| 999 | |a From the UDN01 | ||
| TYP | |a Monograph | ||
| TYP | |a Printed language | ||
| 980 | |a Mạng thư viện Đại học Đà Nẵng | ||